00326nam a2200109Ia 4500008004100000082000800041100001500049245003600064942000600100952009500106999001500201240331s9999 xx 000 0 und d bSTU aSturman, M 0aGhosts, an enemy of the people  cL 001040708LaWERCLbWERCLcSSCd2024-03-31l0o 820 STUp4045r2024-03-31w2024-03-31yL c3182d3182